000 00343 a2200157 4500
001 46788
020 _a8576350971
040 _cAnchieta - Aquarius
100 _aLeemans, Philippe
240 1 0 _aA porta misteriosa
_lpor
245 1 0 _aA porta misteriosa
300 _a
362 0 _a0
650 4 _aLiteratura infanto-juvenil
942 _cBK
999 _c46788
_d46788